Analysis of multivariate social science data (Record no. 11505)

MARC details
000 -LEADER
fixed length control field 01881cam a2200361Ia 4500
001 - CONTROL NUMBER
control field CAH00CE9608PDF
003 - CONTROL NUMBER IDENTIFIER
control field BD-DhSAU
005 - DATE AND TIME OF LATEST TRANSACTION
control field 20151012144303.0
006 - FIXED-LENGTH DATA ELEMENTS--ADDITIONAL MATERIAL CHARACTERISTICS
fixed length control field m|||||o||d||||||||
007 - PHYSICAL DESCRIPTION FIXED FIELD--GENERAL INFORMATION
fixed length control field cr||||
008 - FIXED-LENGTH DATA ELEMENTS--GENERAL INFORMATION
fixed length control field 130725s2008 fluad sb 001 0 eng d
020 ## - INTERNATIONAL STANDARD BOOK NUMBER
International Standard Book Number 9781584889618 (ebook : PDF)
040 ## - CATALOGING SOURCE
Original cataloging agency BD-DhSAU
Transcribing agency BD-DhSAU
090 ## - LOCALLY ASSIGNED LC-TYPE CALL NUMBER (OCLC); LOCAL CALL NUMBER (OCLC)
Classification number (OCLC) (R) ; Classification number, CALL (RLIN) (NR) HA29
Local cutter number (OCLC) ; Book number/undivided call number, CALL (RLIN) .A5824 2008
092 ## - LOCALLY ASSIGNED DEWEY CALL NUMBER (OCLC)
Classification number 519.535
Item number A532
245 00 - TITLE STATEMENT
Title Analysis of multivariate social science data
Medium [electronic resource] /
Statement of responsibility, etc. David J. Bartholomew ... [et al.].
250 ## - EDITION STATEMENT
Edition statement 2nd ed.
260 ## - PUBLICATION, DISTRIBUTION, ETC. (IMPRINT)
Place of publication, distribution, etc. Boca Raton :
Name of publisher, distributor, etc. CRC Press,
Date of publication, distribution, etc. 2008.
300 ## - PHYSICAL DESCRIPTION
Extent xi, 371 p. :
Other physical details ill.
490 1# - SERIES STATEMENT
Series statement Chapman & Hall/CRC statistics in the social and behavioral sciences series
500 ## - GENERAL NOTE
General note Rev. ed. of: The analysis and interpretation of multivariate data for social scientists. c2002.
504 ## - BIBLIOGRAPHY, ETC. NOTE
Bibliography, etc Includes bibliographical references (p. [357]-362) and index.
505 0# - FORMATTED CONTENTS NOTE
Formatted contents note 1. Setting the scence -- 2. Cluster analysis -- 3. Multidimensional scaling -- 4. Correspondence analysis -- 5. Principal components analysis -- 6. Regression analysis -- 7. Factor analysis -- 8. Factor analysis for binary data -- 9. Factor analysis for ordered categorical variables -- 10. Latent class analysis for binary data -- 11. Confirmatory factor analysis and structural equation models -- 12. Multilevel modelling.
530 ## - ADDITIONAL PHYSICAL FORM AVAILABLE NOTE
Additional physical form available note Also available in print edition.
538 ## - SYSTEM DETAILS NOTE
System details note Mode of access: World Wide Web.
650 #0 - SUBJECT ADDED ENTRY--TOPICAL TERM
Topical term or geographic name as entry element Social sciences
General subdivision Statistical methods.
650 #0 - SUBJECT ADDED ENTRY--TOPICAL TERM
Topical term or geographic name as entry element Multivariate analysis.
655 #7 - INDEX TERM--GENRE/FORM
Genre/form data or focus term Electronic books.
Source of term lcsh
700 1# - ADDED ENTRY--PERSONAL NAME
Personal name Bartholomew, David J.
776 1# - ADDITIONAL PHYSICAL FORM ENTRY
International Standard Book Number 9781584889601 (alk. paper)
830 #0 - SERIES ADDED ENTRY--UNIFORM TITLE
Uniform title Statistics in the social and behavioral sciences series.
856 40 - ELECTRONIC LOCATION AND ACCESS
Uniform Resource Identifier <a href="http://marc.crcnetbase.com/isbn/9781584889618">http://marc.crcnetbase.com/isbn/9781584889618</a>
Electronic format type application/PDF

No items available.